[Event "GER-ch NSV Online 1st"]
[Site "Playchess.com INT"]
[Date "2020.04.26"]
[Round "11"]
[White "Pawlowski, Torsten"]
[Black "Wilmink, Anna"]
[Result "0-1"]
[WhiteElo "1620"]
[BlackElo "1608"]
[PlyCount "46"]
[EventDate "2020.04.26"]
[EventType "swiss (blitz)"]
[EventRounds "13"]
[EventCountry "GER"]
[SourceTitle "CBM 196 Extra"]
[Source "ChessBase"]
[SourceDate "2020.07.31"]
[SourceVersion "1"]
[SourceVersionDate "2020.07.31"]
[SourceQuality "1"]

1. e4 c5 2. Nf3 Nc6 3. g3 g6 4. Bg2 Bg7 5. d3 e6 6. 0-0 Nge7 7. Nc3 0-0 8. Bg5 d5 9. Qd2 dxe4 10. dxe4 Qxd2 11. Nxd2 Re8 12. Nb5 Rd8 13. Nc4 Bd7 14. Ncd6 a6 15. Nc3 b5 16. Be3 Nd4 17. Rac1 Bc6 18. Bxd4 Bxd4 19. Ne2 Rxd6 20. e5 Bxe5 21. f4 Bxb2 22. Rcd1 Rad8 23. Bxc6 Rxd1 0-1